00436 2200169 4500001002100000005001500021035002000036245004600056100002100102250001700123300003200140260003300172082000800205084001400213020002200227650001700249INLIS00000000000041520240618022515 a0010-06240001241 aIndahnya Pulau Dewata /cRahmat Margajaya0 aRahmat Margajaya acetakan ke-1 aiv, 60 hlm :bilus ;c21 cm aJakarta :bAzka Press,c2007 a813 a813 RAH i a978-979-121-185-7 4aPulau Dewata